Troubles classifiés du DSM-V - Statistiques

Statistiques générales
  • Ce quiz a été pris 19 fois
  • Le résultat moyen est 5 sur 231
Statistiques - réponses
Catégorie Troubles généraux % Correct
Spectre de la schizophrénie et autres troubles psychotiques Schizophrénie
60%
Troubles neurodéveloppementaux Trouble du spectre de l'autisme
50%
Troubles des conduites alimentaires et de l'ingestion d'aliments Boulimie
30%
Troubles neurodéveloppementaux Deficit de l'attention/hyperactivité
30%
Troubles dépressifs Trouble dépressif caractérisé
30%
Troubles des conduites alimentaires et de l'ingestion d'aliments Pica
20%
Troubles dépressifs Trouble dépressif non spécifié
20%
Trouble dissociatifs Trouble dissociatif de l'identité
20%
Troubles des conduites alimentaires et de l'ingestion d'aliments Anorexie mentale
10%
Troubles neurodéveloppementaux Autres troubles neurodéveloppementaux
10%
Troubles dépressifs Autre trouble dépressif spécifié
10%
Troubles obsessionnels-compulsifs et apparentés Dermatillomanie
10%
Troubles neurodéveloppementaux Handicaps intellectuels
10%
Troubles disruptifs, du contrôle des impulsions et des conduites Kleptomanie
10%
Cluster B (Troubles de la personnalité) | Troubles disruptifs, du contrôle des impulsions et des conduites Personnalité antisociale
10%
Troubles disruptifs, du contrôle des impulsions et des conduites Pyromanie
10%
Troubles obsessionnels-compulsifs et apparentés Trichotillomanie
10%
Troubles bipolaires et apparentés Trouble bipolaire de type 1
10%
Troubles bipolaires et apparentés Trouble bipolaire de type 2
10%
Troubles dépressifs Trouble dépressif dû à une autre affection médicale
10%
Troubles dépressifs Trouble dépressif induit par une substance/un médicament
10%
Troubles dépressifs Trouble dépressif persistant (dysthymie)
10%
Troubles disruptifs, du contrôle des impulsions et des conduites Trouble des conduites
10%
Troubles dépressifs Trouble disruptif avec dysrégulation émotionnelle
10%
Troubles dépressifs Trouble dysphorique prémenstruel
10%
Troubles disruptifs, du contrôle des impulsions et des conduites Trouble explosif intermittent
10%
Troubles disruptifs, du contrôle des impulsions et des conduites Trouble oppositionnel avec provocation
10%
Troubles neurodéveloppementaux Troubles de la communication
10%
Troubles neurodéveloppementaux Troubles moteurs
10%
Troubles neurodéveloppementaux Trouble spécifique des apprentissages
10%
Troubles des conduites alimentaires et de l'ingestion d'aliments Accès hyperphagiques
0%
Troubles anxieux Agoraphobie
0%
Troubles des mouvements et autres effets indésirables induits par un médicament Akathisie aiguë induite par des médicaments
0%
Troubles des mouvements et autres effets indésirables induits par un médicament Akathisie tardive
0%
Trouble dissociatifs Amnésie dissociative
0%
Troubles anxieux Anxiété de séparation
0%
Troubles anxieux Anxiété généralisée (TAG)
0%
Troubles anxieux Anxiété sociale (phobie sociale)
0%
Troubles du sommeil liés à la respiration (Troubles de l'alternance veille-sommeil) Apnée/hypopnée obstructive du sommeil
0%
Dysfonctions sexuelles Autre dysfonctionnement sexuelle spécifiée
0%
Dysphorie de genre Autre dysphorie de genre spécifiée
0%
Troubles neurocognitifs Autre état confusionnel (delirium) spécifié
0%
Troubles de l'alternance veille-sommeil Autre hypersomnolence spécifiée
0%
Troubles de l'alternance veille-sommeil Autre insomnie spécifiée
0%
Troubles des mouvements et autres effets indésirables induits par un médicament Autres effets secondaires d'un médicament
0%
Troubles liés aux hallucinogènes (Troubles liés à une substance et troubles addictifs) Autres troubles induits par des hallucinogènes
0%
Troubles liés aux opiacés (Troubles liés à une substance et troubles addictifs) Autres troubles induits par des opiacés
0%
Troubles liés aux sédatifs, hypnotiques ou anxiolytiques (Troubles liés à une substance et troubles addictifs) Autres troubles induits par des sédatifs, hypnotiques ou anxiolytiques
0%
Troubles liés aux stimulants (Troubles liés à une substance et troubles addictifs) Autres troubles induits par des stimulants
0%
Troubles liés aux substances inhalées (Troubles liés à une substance et troubles addictifs) Autres troubles induits par des substances inhalées
0%
Troubles liés à la caféine (Troubles liés à une substance et troubles addictifs) Autres troubles induits par la caféine
0%
Troubles liés à l'alcool (Troubles liés à une substance et troubles addictifs) Autres troubles induits par l'alcool
0%
Troubles liés aux hallucinogènes (Troubles liés à une substance et troubles addictifs) Autres troubles induits par la phencyclidine
0%
Troubles liés au tabac (Troubles liés à une substance et troubles addictifs) Autres troubles induits par le tabac
0%
Troubles liés à une substance autre (ou inconnue) (Troubles liés à une substance et troubles addictifs) Autres troubles induits par une substance autre (ou inconnue)
0%
Troubles anxieux Autre trouble anxieux spécifié
0%
Troubles à symptomatologie somatique et apparentés Autre trouble à symptomatologie somatique spécifié
0%
Troubles bipolaires et apparentés Autre trouble bipolaire ou apparenté spécifié
0%
Troubles des conduites alimentaires et de l'ingestion d'aliments Autre trouble de l'alimentation ou de l'ingestion d'aliments, spécifié
0%
Troubles de l'alternance veille-sommeil Autre trouble de l'alternance veille-sommeil spécifié
0%
Autres troubles de la personnalité (Troubles de la personnalité) Autre trouble de la personnalité spécifié
0%
Troubles des mouvements et autres effets indésirables induits par un médicament Autre trouble des mouvements induit par un médicament
0%
Troubles disruptifs, du contrôle des impulsions et des conduites Autre trouble disruptif, du contrôle des impulsions et des conduites, spécifié
0%
Trouble dissociatifs Autre trouble dissociatif spécifié
0%
Troubles du contrôle sphinctérien Autre trouble du contrôle sphinctérien spécifié
0%
Spectre de la schizophrénie et autres troubles psychotiques Autre trouble du spectre de la schizophrénie ou autre trouble psychotique spécifié
0%
Troubles liés au cannabis (Troubles liés à une substance et troubles addictifs) Autre trouble induit par le cannabis
0%
Troubles liés à des traumatismes ou à des facteurs de stress Autre trouble lié à des traumatismes ou à des facteurs de stress, spécifié
0%
Autres troubles mentaux Autre trouble mental spécifié
0%
Autres troubles mentaux Autre trouble mental spécifié lié à une autre affection médicale
0%
Troubles obsessionnels-compulsifs et apparentés Autre trouble obsessionnel-compulsif ou apparenté spécifié
0%
Troubles paraphiliques Autre trouble paraphilique spécifié
0%
Spectre de la schizophrénie et autres troubles psychotiques Catatonie associée à un autre trouble mental
0%
Spectre de la schizophrénie et autres troubles psychotiques Catatonie non spécifiée
0%
Parasomnies (Troubles de l'alternance veille-sommeil) Cauchemars
0%
Troubles à symptomatologie somatique et apparentés Crainte excessive d'avoir une maladie
0%
Trouble dissociatifs Dépersonnalisation/déréalisation
0%
Troubles liés à des traumatismes ou à des facteurs de stress Désinhibition du contact social
0%
Dysfonctions sexuelles Diminution du désir sexuel chez l'homme
0%
Dysfonctions sexuelles Dysfonction sexuelle induite par une substance/un médicament
0%
Dysfonctions sexuelles Dysfonction sexuelle non spécifiée
0%
Troubles des mouvements et autres effets indésirables induits par un médicament Dyskinésie tardive
0%
Dysphorie de genre Dysphorie de genre
0%
Dysphorie de genre Dysphorie de genre non spécifiée
0%
Troubles des mouvements et autres effets indésirables induits par un médicament Dystonie aiguë induite par des médicaments
0%
Troubles des mouvements et autres effets indésirables induits par un médicament Dystonie tardive
0%
Dysfonctions sexuelles Éjaculation prématurée (précoce)
0%
Dysfonctions sexuelles Éjaculation retardée
0%
Troubles du contrôle sphinctérien Encoprésie
0%
Troubles du contrôle sphinctérien Énurésie
0%
Troubles neurocognitifs État confusionnel (delirium)
0%
Troubles neurocognitifs État confusionnel (delirium) non spécifié
0%
Troubles à symptomatologie somatique et apparentés Facteurs psychologiques influençant d'autres affections médicales
0%
Troubles de l'alternance veille-sommeil Hypersomnolance
0%
Troubles de l'alternance veille-sommeil Hypersomnolence non spécifiée
0%
Troubles du sommeil liés à la respiration (Troubles de l'alternance veille-sommeil) Hypoventilation liée au sommeil
0%
Troubles de l'alternance veille-sommeil Insomnie
0%
Troubles de l'alternance veille-sommeil Insomnie non spécifiée
0%
Troubles liés aux substances inhalées (Troubles liés à une substance et troubles addictifs) Intoxication par des substances inhalées
0%
Troubles liés à la caféine (Troubles liés à une substance et troubles addictifs) Intoxication par la caféine
0%
Troubles liés à l'alcool (Troubles liés à une substance et troubles addictifs) Intoxication par l'alcool
0%
Troubles liés aux hallucinogènes (Troubles liés à une substance et troubles addictifs) Intoxication par la phencyclidine
0%
Troubles liés au cannabis (Troubles liés à une substance et troubles addictifs) Intoxication par le cannabis
0%
Troubles liés aux hallucinogènes (Troubles liés à une substance et troubles addictifs) Intoxication par un autre hallucinogène
0%
Troubles liés à une substance autre (ou inconnue) (Troubles liés à une substance et troubles addictifs) Intoxication par une substance autre (ou inconnue)
0%
Troubles liés aux opiacés (Troubles liés à une substance et troubles addictifs) Intoxication par un opiacé
0%
Troubles liés aux sédatifs, hypnotiques ou anxiolytiques (Troubles liés à une substance et troubles addictifs) Intoxication par un sédatif, hypnotique ou anxiolytique
0%
Troubles liés aux stimulants (Troubles liés à une substance et troubles addictifs) Intoxication par un stimulant
0%
Troubles non liés à des substances (Troubles liés à une substance et troubles addictifs) Jeu d'argent pathologique (trouble lié au jeu d'argent)
0%
Troubles des conduites alimentaires et de l'ingestion d'aliments Mérycisme
0%
Autres troubles de la personnalité (Troubles de la personnalité) Modification de la personnalité due à une autre affection médicale
0%
Troubles anxieux Mutisme sélectif
0%
Troubles de l'alternance veille-sommeil Narcolepsie
0%
Troubles obsessionnels-compulsifs et apparentés Obsession d'une dysmorphie corporelle
0%
Troubles des mouvements et autres effets indésirables induits par un médicament Parkinsonisme induit par d'autres médicaments
0%
Troubles des mouvements et autres effets indésirables induits par un médicament Parkinsonisme induit par des neuroleptiques
0%
Cluster B (Troubles de la personnalité) Personnalité borderline
0%
Cluster C (Troubles de la personnalité) Personnalité dépendante
0%
Cluster C (Troubles de la personnalité) Personnalité évitante
0%
Cluster B (Troubles de la personnalité) Personnalité histrionique
0%
Cluster B (Troubles de la personnalité) Personnalité narcissique
0%
Cluster C (Troubles de la personnalité) Personnalité obsessionnelle-compulsive
0%
Cluster A (Troubles de la personnalité) Personnalité paranoïaque
0%
Cluster A (Troubles de la personnalité) Personnalité schizoïde
0%
Cluster A (Troubles de la personnalité) | Spectre de la schizophrénie et autres troubles psychotiques Personnalité schizotypique
0%
Troubles anxieux Phobie spécifique
0%
Troubles des conduites alimentaires et de l'ingestion d'aliments Restriction ou évitement de l'ingestion d'aliments
0%
Troubles liés à la caféine (Troubles liés à une substance et troubles addictifs) Sevrage de la caféine
0%
Troubles liés à l'alcool (Troubles liés à une substance et troubles addictifs) Sevrage de l'alcool
0%
Troubles liés au cannabis (Troubles liés à une substance et troubles addictifs) Sevrage du cannabis
0%
Troubles liés à une substance autre (ou inconnue) (Troubles liés à une substance et troubles addictifs) Sevrage d'une substance autre (ou inconnue)
0%
Troubles liés aux opiacés (Troubles liés à une substance et troubles addictifs) Sevrage d'un opiacé
0%
Troubles liés aux sédatifs, hypnotiques ou anxiolytiques (Troubles liés à une substance et troubles addictifs) Sevrage d'un sédatif, hypnotique ou anxiolytique
0%
Troubles liés aux stimulants (Troubles liés à une substance et troubles addictifs) Sevrage d'un stimulant
0%
Troubles liés au tabac (Troubles liés à une substance et troubles addictifs) Sevrage du tabac
0%
Troubles des mouvements et autres effets indésirables induits par un médicament Syndrome d'arrêt des antidépresseurs
0%
Parasomnies (Troubles de l'alternance veille-sommeil) Syndrome des jambes sans repos
0%
Troubles des mouvements et autres effets indésirables induits par un médicament Syndrome malin des neuroleptiques
0%
Troubles obsessionnels-compulsifs et apparentés Thésaurisation pathologique (syllogomanie)
0%
Troubles des mouvements et autres effets indésirables induits par un médicament Tremblement d'attitude induit par un médicament
0%
Troubles anxieux Trouble anxieux dû à une autre affection médicale
0%
Troubles anxieux Trouble anxieux induit par une substance/un médicament
0%
Troubles anxieux Trouble anxieux non spécifié
0%
Troubles bipolaires et apparentés Trouble bipolaire ou apparenté dû à une autre affection médicale
0%
Troubles bipolaires et apparentés Trouble bipolaire ou apparenté induit par une substance/un médicament
0%
Troubles bipolaires et apparentés Trouble bipolaire ou apparenté non spécifié
0%
Spectre de la schizophrénie et autres troubles psychotiques Trouble catatonique dû à une autre affectation médicale
0%
Troubles bipolaires et apparentés Trouble cyclothymique
0%
Troubles à symptomatologie somatique et apparentés Trouble de conversion (Troubles à symptomatologie neurologique fonctionnelle)
0%
Troubles des conduites alimentaires et de l'ingestion d'aliments Trouble de l'alimentation ou de l'ingestion d'aliments, non spécifié
0%
Troubles de l'alternance veille-sommeil Trouble de l'alternance veille-sommeil non spécifié
0%
Autres troubles de la personnalité (Troubles de la personnalité) Trouble de la personnalité non spécifié
0%
Dysfonctions sexuelles Trouble de l'érection
0%
Dysfonctions sexuelles Trouble de l'intérêt pour l'activité sexuelle ou de l'excitation sexuelle chez la femme
0%
Spectre de la schizophrénie et autres troubles psychotiques Trouble délirant
0%
Dysfonctions sexuelles Trouble de l'orgasme chez la femme
0%
Troubles liés à l'alcool (Troubles liés à une substance et troubles addictifs) Trouble de l'usage de l'alcool
0%
Troubles liés aux hallucinogènes (Troubles liés à une substance et troubles addictifs) Trouble de l'usage de la phencyclidine
0%
Troubles liés aux opiacés (Troubles liés à une substance et troubles addictifs) Trouble de l'usage des opiacés
0%
Troubles liés aux sédatifs, hypnotiques ou anxiolytiques (Troubles liés à une substance et troubles addictifs) Trouble de l'usage des sédatifs, hypnotiques ou anxiolytiques
0%
Troubles liés aux stimulants (Troubles liés à une substance et troubles addictifs) Trouble de l'usage des stimulants
0%
Troubles liés aux substances inhalées (Troubles liés à une substance et troubles addictifs) Trouble de l'usage des substances inhalées
0%
Troubles liés au cannabis (Troubles liés à une substance et troubles addictifs) Trouble de l'usage du cannabis
0%
Troubles liés aux hallucinogènes (Troubles liés à une substance et troubles addictifs) Trouble de l'usage d'un autre hallucinogène
0%
Troubles liés à une substance autre (ou inconnue) (Troubles liés à une substance et troubles addictifs) Trouble de l'usage d'une substance autre (ou inconnue)
0%
Troubles liés au tabac (Troubles liés à une substance et troubles addictifs) Trouble de l'usage du tabac
0%
Troubles disruptifs, du contrôle des impulsions et des conduites Trouble disruptif, du contrôle des impulsions et des conduites, non spécifié
0%
Trouble dissociatifs Trouble dissociatif non spécifié
0%
Parasomnies (Troubles de l'alternance veille-sommeil) Trouble du comportement en sommeil paradoxal
0%
Troubles du contrôle sphinctérien Trouble du contrôle sphinctérien non spécifié
0%
Parasomnies (Troubles de l'alternance veille-sommeil) Trouble du sommeil induit par une substance/un médicament
0%
Spectre de la schizophrénie et autres troubles psychotiques Trouble du spectre de la schizophrénie ou autre trouble psychotique non spécifié
0%
Troubles paraphiliques Trouble exhibitionnisme
0%
Troubles à symptomatologie somatique et apparentés Trouble factice
0%
Troubles paraphiliques Trouble fétichisme
0%
Troubles paraphiliques Trouble frotteurisme
0%
Dysfonctions sexuelles Trouble lié à des douleurs génito-pelviennes ou à la pénétration
0%
Troubles liés aux hallucinogènes (Troubles liés à une substance et troubles addictifs) Trouble lié à des hallucinogènes non spécifié
0%
Troubles liés aux opiacés (Troubles liés à une substance et troubles addictifs) Trouble lié à des opiacés non spécifié
0%
Troubles liés aux stimulants (Troubles liés à une substance et troubles addictifs) Trouble lié à des stimulants non spécifié
0%
Troubles liés aux substances inhalées (Troubles liés à une substance et troubles addictifs) Trouble lié à des substances inhalées non spécifié
0%
Troubles liés à des traumatismes ou à des facteurs de stress Trouble lié à des traumatismes ou à des facteurs de stress, non spécifié
0%
Troubles liés à la caféine (Troubles liés à une substance et troubles addictifs) Trouble lié à la caféine non spécifié
0%
Troubles liés à l'alcool (Troubles liés à une substance et troubles addictifs) Trouble lié à l'alcool non spécifié
0%
Troubles liés aux hallucinogènes (Troubles liés à une substance et troubles addictifs) Trouble lié à la phencyclidine non spécifié
0%
Troubles liés au cannabis (Troubles liés à une substance et troubles addictifs) Trouble lié au cannabis non spécifié
0%
Troubles liés à une substance autre (ou inconnue) (Troubles liés à une substance et troubles addictifs) Trouble lié à une substance autre (ou inconnue) non spécifié
0%
Troubles liés au tabac (Troubles liés à une substance et troubles addictifs) Trouble lié au tabac non spécifié
0%
Troubles paraphiliques Trouble masochisme sexuel
0%
Autres troubles mentaux Trouble mental non spécifié
0%
Autres troubles mentaux Trouble mental non spécifié dû à une autre affection médicale
0%
Troubles neurocognitifs majeur et léger (Troubles neurocognitifs) Trouble neurocognitif frontotemporal majeur ou léger
0%
Troubles neurocognitifs majeur et léger (Troubles neurocognitifs) Trouble neurocognitif majeur ou léger avec corps de Lewy
0%
Troubles neurocognitifs majeur et léger (Troubles neurocognitifs) Trouble neurocognitif majeur ou léger dû à des étiologies multiples
0%
Troubles neurocognitifs majeur et léger (Troubles neurocognitifs) Trouble neurocognitif majeur ou léger dû à la maladie d'Alzheimer
0%
Troubles neurocognitifs majeur et léger (Troubles neurocognitifs) Trouble neurocognitif majeur ou léger dû à la maladie de Huntington
0%
Troubles neurocognitifs majeur et léger (Troubles neurocognitifs) Trouble neurocognitif majeur ou léger dû à la maladie de Parkinson
0%
Troubles neurocognitifs majeur et léger (Troubles neurocognitifs) Trouble neurocognitif majeur ou léger dû à une autre affection médicale
0%
Troubles neurocognitifs majeur et léger (Troubles neurocognitifs) Trouble neurocognitif majeur ou léger dû à une infection par le VIH
0%
Troubles neurocognitifs majeur et léger (Troubles neurocognitifs) Trouble neurocognitif majeur ou léger dû à une lésion cérébrale traumatique
0%
Troubles neurocognitifs majeur et léger (Troubles neurocognitifs) Trouble neurocognitif majeur ou léger dû à une maladie à prions
0%
Troubles neurocognitifs majeur et léger (Troubles neurocognitifs) Trouble neurocognitif majeur ou léger induit par une substance/un médicament
0%
Troubles neurocognitifs majeur et léger (Troubles neurocognitifs) Trouble neurocognitif non spécifié
0%
Troubles neurocognitifs majeur et léger (Troubles neurocognitifs) Trouble neurocognitif vasculaire majeur ou léger
0%
Troubles obsessionnels-compulsifs et apparentés Trouble obsessionnel-compulsif ou apparenté dû à une autre affection médicale
0%
Troubles obsessionnels-compulsifs et apparentés Trouble obsessionnel-compulsif ou apparenté induit par une substance/un médicament
0%
Troubles obsessionnels-compulsifs et apparentés Trouble obsessionnel-compulsif ou apparenté non spécifié
0%
Troubles obsessionnels-compulsifs et apparentés Trouble obsessionnel-compulsif (TOC)
0%
Troubles anxieux Trouble panique
0%
Troubles paraphiliques Trouble paraphilique non spécifié
0%
Troubles paraphiliques Trouble pédophilie
0%
Troubles liés aux hallucinogènes (Troubles liés à une substance et troubles addictifs) Trouble persistant des perceptions dû aux hallucinogènes
0%
Spectre de la schizophrénie et autres troubles psychotiques Trouble psychotique bref
0%
Spectre de la schizophrénie et autres troubles psychotiques Trouble psychotique dû à une autre affection médicale
0%
Spectre de la schizophrénie et autres troubles psychotiques Trouble psychotique induit par une substance/un médicament
0%
Troubles liés à des traumatismes ou à des facteurs de stress Trouble réactionnel de l'attachement
0%
Troubles paraphiliques Trouble sadisme sexuel
0%
Troubles à symptomatologie somatique et apparentés Troubles à symptomatologie somatique
0%
Troubles à symptomatologie somatique et apparentés Troubles à symptomatologie somatique non spécifié
0%
Spectre de la schizophrénie et autres troubles psychotiques Trouble schizoaffectif
0%
Spectre de la schizophrénie et autres troubles psychotiques Trouble schizophréniforme
0%
Troubles liés à des traumatismes ou à des facteurs de stress Troubles de l'adaptation
0%
Troubles du sommeil liés à la respiration (Troubles de l'alternance veille-sommeil) Troubles de l'alternance veille-sommeil liés au rythme circadien
0%
Parasomnies (Troubles de l'alternance veille-sommeil) Troubles de l'éveil en sommeil non paradoxal
0%
Troubles liés aux sédatifs, hypnotiques ou anxiolytiques (Troubles liés à une substance et troubles addictifs) Troubles lié à des sédatifs, hypnotiques ou anxiolytiques, non spécifié
0%
Troubles liés à des traumatismes ou à des facteurs de stress Trouble stress aigu
0%
Troubles liés à des traumatismes ou à des facteurs de stress Trouble stress post-traumatique (TSPT)
0%
Troubles paraphiliques Trouble transvestisme
0%
Troubles paraphiliques Trouble voyeurisme
0%
Aucun quiz correspondant
Distribution des résultats
% des personnes avec chaque résultat
Percentile par nombre de réponses
Votre historique - résultats
Vous n’avez pas pris ce quiz